Fluid Mechanics, Fluid Machines and Hydraulics / (Record no. 15214)
[ view plain ]
| 000 -LEADER | |
|---|---|
| fixed length control field | 00725nam a22002297a 4500 |
| 008 - FIXED-LENGTH DATA ELEMENTS--GENERAL INFORMATION | |
| fixed length control field | 110428r19992009ii|||||r|||| 001 0 eng d |
| 020 ## - INTERNATIONAL STANDARD BOOK NUMBER | |
| International Standard Book Number | 8123906609 |
| 020 9# - INTERNATIONAL STANDARD BOOK NUMBER | |
| International Standard Book Number | 9788123906607 |
| 082 ## - DEWEY DECIMAL CLASSIFICATION NUMBER | |
| Edition number | 22 |
| Classification number | 620.106 |
| Item number | GUP |
| 100 ## - MAIN ENTRY--PERSONAL NAME | |
| 9 (RLIN) | 23468 |
| Personal name | Gupta, V. P. |
| 245 ## - TITLE STATEMENT | |
| Title | Fluid Mechanics, Fluid Machines and Hydraulics / |
| Statement of responsibility, etc | V. P. Gupta, Alam Singh & Manish Gupta; Foreword by Bharat Singh |
| 250 ## - EDITION STATEMENT | |
| Edition statement | 3rd ed. |
| 260 ## - PUBLICATION, DISTRIBUTION, ETC. (IMPRINT) | |
| Place of publication, distribution, etc | New Delhi : |
| Name of publisher, distributor, etc | CBS pub., 1999 |
| Date of publication, distribution, etc | 1999 |
| 300 ## - PHYSICAL DESCRIPTION | |
| Extent | xxiii, 1102 p. : |
| Other physical details | ill. ; |
| Dimensions | 21 cm. |
| 650 ## - SUBJECT ADDED ENTRY--TOPICAL TERM | |
| 9 (RLIN) | 18746 |
| Topical term or geographic name as entry element | Fluid mechanics. |
| 653 ## - INDEX TERM--UNCONTROLLED | |
| Resource For college | |
| Arrived date list | April2011 |
| 650 ## - SUBJECT ADDED ENTRY--TOPICAL TERM | |
| 9 (RLIN) | 18856 |
| Topical term or geographic name as entry element | Hydraulics |
| 700 ## - ADDED ENTRY--PERSONAL NAME | |
| 9 (RLIN) | 23469 |
| Personal name | Singh, Alam |
| 700 ## - ADDED ENTRY--PERSONAL NAME | |
| 9 (RLIN) | 23470 |
| Personal name | Gupta, Manish |
| 700 ## - ADDED ENTRY--PERSONAL NAME | |
| 9 (RLIN) | 23471 |
| Personal name | Singh, Bharat |
| 942 ## - ADDED ENTRY ELEMENTS (KOHA) | |
| Source of classification or shelving scheme | Dewey Decimal Classification |
| Item type | Book - Borrowing |
| Withdrawn status | Item status | Source of classification or shelving scheme | Damaged status | Not for loan | Vendor | Home library | Current library | Shelving location | Date acquired | Source of acquisition | Cost, normal purchase price | Serial Enumeration / chronology | Total Checkouts | Full call number | Barcode | Date last seen | Date last borrowed | Koha item type |
|---|---|---|---|---|---|---|---|---|---|---|---|---|---|---|---|---|---|---|
| Dewey Decimal Classification | Arab Oasis | Central Library | Central Library | First floor | 28/04/2011 | 55.00 | 72 | 1 | 620.106 GUP | 000023439 | 15/07/2025 | 14/11/2015 | Book - Borrowing |